1117 1137 1130 1109 1885 1006 1889 1996 1411 1389 1446 1871 1280 1018 1124 1750 1269 1672 1545 1539 1601 1844 1179 1024 1438 1215 1570 1308 1894 1576 1269 1259 1211 1938 1712 1186 1021 1802 1869 1791 1240 1191 1091 1662 1826 1002 1562 1634 1192 1530 1047 1217 1745 1269 1846 1921 1065 1898 1611 1141 1796 1532 1405 1131 1737 1502 1376 1853 1738 1735 1181 1670 1766 1404 1126 1814 1688 1280 1512 1691 1071 1033 1911 1568 1008 1231 1958 1437 1469 1101 1385 1518 1261 1167 1208 1022 1049 1727 1944 BCNSPRNW ULIB Ver.6.0+V

เปลี่ยนเป็นภาษาไทย

Change to English
 แสดงรายละเอียดบรรณานุกรม
  กลับหน้าหลัก

Brief Record : Get Marc (ISO 2709) : E-mail record : QR code < ปิดหน้าต่าง
LEADER : 00000nam 2200000uu 4500
001    13399126589
003     ULIB
008    020711s2561 th a 000 0 tha d
020    ^a9786163660534
050    ^aนว^bน472ร
100    ^aนายตะวัน
245    ^aรอยรักกลางตะวัน ชุดซีรีส์ราชสีห์/^cนายตะวัน
260    ^aกรุงเทพฯ :^bแสงจันทร์นวล,^c2561
300    ^a403 หน้า;^b21 ซม.
490 0  ^aราชสีห์ ;^v8
650    ^aนวนิยาย
945    ^p330^l0^i004784
999    ^aประนอม เกษจรัล
รายการนี้ยังไม่มีแท็ก
คุณยังไม่ได้ล็อกอิน คุณสามารถมีกิจกรรมร่วมกับเว็บไซต์ได้ แต่ต้องล็อกอินก่อน ::
  ล็อกอิน

รายการสื่อสารสนเทศ

ลำดับที่ ประเภท เลขเรียก/บาร์โค้ด สถานที่ สถานะ
1. นวนิยาย
นวนิยาย
นว น472ร ฉ.1 
  Barcode: 004784
ห้องสมุดวิทยาเขตสวรรค์ประชารักษ์
►นวนิยาย
บนชั้น
  ขอยืม

รายการใกล้เคียง
    ผู้แต่ง [นายตะวัน]

    หัวเรื่อง [นวนิยาย]

BibComment


ยังไม่เคยถูกคอมเมนท์

คอมเมนท์ทรัพยากรรายการนี้
  คอมเมนท์: รอยรักกลางตะวัน ..


 Copyright 2026. Bcnsprnw @Library